If Karl Marx had been born in Japan

Zapisane w:
Opis bibliograficzny
1. autor: Idemitsu, Sazo
Format: Książka
Język:Undetermined
Wydane: Tokyo Idemitsu 1967
Hasła przedmiotowe:
Etykiety: Dodaj etykietę
Nie ma etykietki, Dołącz pierwszą etykiete!
Thư viện lưu trữ: Trung tâm Học liệu Trường Đại học Cần Thơ
LEADER 00531nam a2200205Ia 4500
001 CTU_107028
008 210402s9999 xx 000 0 und d
082 |a 658.4 
082 |b I.19 
100 |a Idemitsu, Sazo 
245 0 |a If Karl Marx had been born in Japan 
245 0 |c Sazo Idemitsu 
260 |a Tokyo 
260 |b Idemitsu 
260 |c 1967 
650 |a Industries,Economic conditions 
650 |x Social aspects 
650 |z Japan 
904 |i Năm 
980 |a Trung tâm Học liệu Trường Đại học Cần Thơ